000
00304nam a2200121Ia 4500
003
GCL
008
140319s9999 xx 000 0 eng d
040
_a
GCL /
_c
GCL
082
0
4
_a
808.0666
_b
L T
245
1
0
_a
Technical Writing
260
_a
[S.N] :
_b
Macmillan Publishing Company ،
_c
1990
300
_a
573 PP
999
_c
18474
_d
18474